<?xml version="1.0" encoding="UTF-8"?>
<record
    xmlns:xsi="http://www.w3.org/2001/XMLSchema-instance"
    xsi:schemaLocation="http://www.loc.gov/MARC21/slim http://www.loc.gov/standards/marcxml/schema/MARC21slim.xsd"
    xmlns="http://www.loc.gov/MARC21/slim">

  <leader>00509nam a22001817a 4500</leader>
  <controlfield tag="003">SISC</controlfield>
  <controlfield tag="005">20181013095251.0</controlfield>
  <controlfield tag="008">170119b        xxu||||| |||| 00| 0 eng d</controlfield>
  <datafield tag="020" ind1=" " ind2=" ">
    <subfield code="a">9780545908597</subfield>
  </datafield>
  <datafield tag="050" ind1=" " ind2=" ">
    <subfield code="a">PZ7.A9529</subfield>
    <subfield code="b">2015</subfield>
  </datafield>
  <datafield tag="100" ind1=" " ind2=" ">
    <subfield code="a">Aveyard, Victoria</subfield>
  </datafield>
  <datafield tag="245" ind1=" " ind2=" ">
    <subfield code="a">Red queen/</subfield>
    <subfield code="c">Victoria Aveyard</subfield>
  </datafield>
  <datafield tag="260" ind1=" " ind2=" ">
    <subfield code="a">New York:</subfield>
    <subfield code="b">Scholastics Inc. ;</subfield>
    <subfield code="c">c2015.</subfield>
  </datafield>
  <datafield tag="300" ind1=" " ind2=" ">
    <subfield code="a">388 pages;</subfield>
    <subfield code="c">20 cm.</subfield>
  </datafield>
  <datafield tag="650" ind1=" " ind2=" ">
    <subfield code="2">OCLC</subfield>
    <subfield code="a">Government, Resistance to</subfield>
    <subfield code="v">Princesses</subfield>
    <subfield code="v">Psychic ability</subfield>
  </datafield>
  <datafield tag="942" ind1=" " ind2=" ">
    <subfield code="2">lcc</subfield>
    <subfield code="c">BK</subfield>
  </datafield>
  <datafield tag="999" ind1=" " ind2=" ">
    <subfield code="c">305392</subfield>
    <subfield code="d">305392</subfield>
  </datafield>
  <datafield tag="952" ind1=" " ind2=" ">
    <subfield code="0">0</subfield>
    <subfield code="1">0</subfield>
    <subfield code="2">lcc</subfield>
    <subfield code="4">0</subfield>
    <subfield code="a">LUX</subfield>
    <subfield code="b">LUX</subfield>
    <subfield code="c">FIC</subfield>
    <subfield code="d">2017-01-23</subfield>
    <subfield code="e">Library Fund</subfield>
    <subfield code="l">2</subfield>
    <subfield code="o">PZ 7 .A9529 2015</subfield>
    <subfield code="p">20371</subfield>
    <subfield code="r">2019-03-18 00:00:00</subfield>
    <subfield code="s">2019-03-06</subfield>
    <subfield code="w">2017-01-23</subfield>
    <subfield code="y">BK</subfield>
  </datafield>
</record>
